000 01438nam a2200313Ia 4500
005 20220317000453.0
008 160315s2013 mx g 000 1 spa
020 _a9789681665500
100 1 _aFalconer, Ian,
_d1959-
245 1 0 _aOlivia
_bsalva el circo
_cIan Falconer ; traducción Natalia Cervantes ; editor Daniel Goldin
250 _a1a. edición
_b2a. reimpresión
300 _a33 páginas
_bilustraciones en color
_c29 cm
520 _aHoy es el regreso a clases y a Olivia le toca contarle a sus compañeros qué hizo durante las vacaciones. El relato de la ida al circo con su mamá y su hermanito Ian se convierte en una fabulosa aventura, donde la cerdita pone a prueba todas sus capacidades circenses pero especialmente toda su imaginación.
534 _tOlivia saves the circus
650 1 4 _2LEMB
_aÁlbumes infantiles estadounidenses
_ySiglo XX
650 1 4 _2LEMB
_aLiteratura infantil estadounidense
_ySiglo XX
650 1 4 _2LEMB
_aCerdos en la literatura
650 1 4 _2LEMB
_aCirco en la literatura
650 1 4 _2LEMB
_aVacaciones en la literatura
700 1 _aCervantes, Natalia
_etraductor
_946728
700 1 _aGoldin, Daniel
_eeditor
_98583
942 _2loc
_cBKINF
264 _aMéxico
_bFondo de Cultura Económica
_c2013
336 _atexto
_btxt
_2rdacontent
337 _asin mediación
_bn
_2rdamedia
338 _avolumen
_bnc
_2rdacarrier
040 _aCO-BoRNBP
_bspa
_erda
_cCO-BoRNBP
084 _aA FAL1
999 _c4136
_d4136